| 000 | 00799nam a2200253Ia 4500 | ||
|---|---|---|---|
| 008 | 100315s9999 xx 000 0 und d | ||
| 020 | _a81-7328-036-3 | ||
| 040 | _cENGLISH | ||
| 082 |
_b3270 _a001.43 |
||
| 100 | _a"KOTHARI , C . R . " | ||
| 245 | _aRESEARCH METHODOLOGY : METHODS AND TECHNIQUES . | ||
| 250 | _a2nd | ||
| 260 |
_aNew Delhi _bWishwa prakashan _c1998 |
||
| 300 | _a"XII,468P " | ||
| 365 |
_eRupees _d1 _b114.75 |
||
| 366 | _f15 | ||
| 505 | _gDBH | ||
| 530 |
_bLAXMI BOOK DEPOT 868/17-02-1999 _a868/17-02-1999 |
||
| 620 | _a"DEFINING RESEARCH PROBLEMS , " | ||
| 630 | _aRESEARCH METHODOLOGY : METHODS AND TECHNIQUES . | ||
| 650 | _aRESEARCH METHODOLOGY | ||
| 730 | _aRESEARCH METHODOLOGY : METHODS AND TECHNIQUES . | ||
| 942 | _cBOOK | ||
| 999 |
_c478005 _d478002 |
||